Statistiques concernant 4ALCO 4

Cliquez ici pour prendre le quiz!

Statistiques générales

  • Ce quiz a été pris 14 fois
  • Le résultat moyen est 11 sur 14

Statistiques - réponses

HintRéponse% Correct
4Alban
100%
2Jonas
100%
3Kelvin
100%
1Matteo
100%
5Thomas
100%
6Antonin
80%
7Auxence
80%
9Hakim
80%
8Walid
80%
11Alex
60%
12Basile
60%
10Elouan
60%
14Kieran
60%
13Gabriel
40%

Distribution des résultats

Percentile par nombre de réponses

% des personnes avec chaque résultat

Votre développement - résultats

Vous n’avez pas pris ce quiz